Statistics for Slavní spisovatelé (česky)

Click here to take the quiz!

General Stats

  • This quiz has been taken 569 times
  • The average score is 7 of 12

Answer Stats

HintAnswer% Correct
1984George Orwell
84%
Malý PrincAntoine de Saint-Exupéry
82%
Na západní frontě klidErich Maria Remarque
77%
Evžen OněginAlexander Sergejevič Puškin
70%
RevizorNikolaj Vasiljevič Gogol
68%
Továrna na absolutnoKarel Čapek
62%
Božská komedieDante Alighieri
59%
Veselé paničky WindsorskéWilliam Shakespeare
55%
Velký GatsbyFrancis Scott Fitzgerald
49%
Květy zlaCharles Baudelaire
37%
Zelené pahorky africkéErnest Hemingway
33%
Smrt v BenátkáchThomas Mann
21%

Score Distribution

Percentile by Number Answered

Percent of People with Each Score

Your Score History

You have not taken this quiz